Over or Under 50%? - Statistics

General Stats
  • This quiz has been taken 22 times
  • The average score is 14 of 18
Answer Stats
Question Answer % Correct
Turkey Over 50%
100%
Peru Over 50%
100%
Mongolia Over 50%
100%
United Arab Emirates Over 50%
100%
Vatican City Over 50%
100%
Kiribati Under 50%
100%
Equatorial Guinea Under 50%
100%
Gabon Under 50%
100%
Malawi Under 50%
100%
Mauritania Under 50%
100%
Bhutan Under 50%
100%
Tanzania Under 50%
100%
Turkmenistan Under 50%
100%
Cyprus Over 50%
50%
Republic of the Congo Over 50%
0%
Dominica Over 50%
0%
South Sudan Over 50%
0%
Singapore Under 50%
0%
No matching quizzes found
Score Distribution
Percent of People with Each Score
Percentile by Number Answered
Your Score History
You have not taken this quiz